Here lies Leonard Sillman, (Запис № 506158)
[ простий вигляд ]
| 000 -LEADER | |
|---|---|
| fixed length control field | 01338cam a2200325I 4500 |
| 001 - CONTROL NUMBER | |
| control field | hereliesleonards00sill |
| 003 - CONTROL NUMBER IDENTIFIER | |
| control field | CaSfIA |
| 005 - DATE AND TIME OF LATEST TRANSACTION | |
| control field | 20210118095923.0 |
| 007 - PHYSICAL DESCRIPTION FIXED FIELD--GENERAL INFORMATION | |
| fixed length control field | cr|||| |
| 008 - FIXED-LENGTH DATA ELEMENTS--GENERAL INFORMATION | |
| fixed length control field | 720810s1959 nyua 000 0aeng |
| 010 ## - LIBRARY OF CONGRESS CONTROL NUMBER | |
| LC control number | 59014761 |
| 040 ## - CATALOGING SOURCE | |
| Original cataloging agency | DLC |
| Transcribing agency | OUN |
| Modifying agency | SER |
| -- | STF |
| -- | UPM |
| -- | CaSfIA |
| 035 ## - SYSTEM CONTROL NUMBER | |
| System control number | (OCoLC)377746 |
| 050 04 - LIBRARY OF CONGRESS CALL NUMBER | |
| Classification number | PN2287.S38 |
| Item number | A3 |
| 082 ## - DEWEY DECIMAL CLASSIFICATION NUMBER | |
| Classification number | 927.92 |
| 029 1# - (OCLC) | |
| OCLC library identifier | AU@ |
| System control number | 000006102503 |
| 029 1# - (OCLC) | |
| OCLC library identifier | AU@ |
| System control number | 000028127758 |
| 100 1# - MAIN ENTRY--PERSONAL NAME | |
| Personal name | Sillman, Leonard. |
| 245 10 - TITLE STATEMENT | |
| Title | Here lies Leonard Sillman, |
| Medium | [electronic resource] |
| Remainder of title | straightened out at last; an autobiography. |
| 250 ## - EDITION STATEMENT | |
| Edition statement | [1st ed.] |
| 260 ## - PUBLICATION, DISTRIBUTION, ETC. (IMPRINT) | |
| Place of publication, distribution, etc | New York, |
| Name of publisher, distributor, etc | Citadel Press |
| Date of publication, distribution, etc | [1959] |
| 300 ## - PHYSICAL DESCRIPTION | |
| Extent | 377 p. |
| Other physical details | illus. |
| Dimensions | 22 cm. |
| 530 ## - ADDITIONAL PHYSICAL FORM AVAILABLE NOTE | |
| Additional physical form available note | Also issued online. |
| 506 ## - RESTRICTIONS ON ACCESS NOTE | |
| Standardized terminology for access restriction | Необхідна авторизація на https://archive.org/ (створення облікового запису безкоштовно) |
| 506 ## - RESTRICTIONS ON ACCESS NOTE | |
| Standardized terminology for access restriction | Необхідна авторизація на https://openlibrary.org/ (створення облікового запису безкоштовно) |
| 600 10 - SUBJECT ADDED ENTRY--PERSONAL NAME | |
| Personal name | Sillman, Leonard. |
| 856 41 - ELECTRONIC LOCATION AND ACCESS | |
| Uniform Resource Identifier | <a href="http://www.archive.org/details/hereliesleonards00sill">http://www.archive.org/details/hereliesleonards00sill</a> |
| Public note | Free eBook from the Internet Archive |
| 856 42 - ELECTRONIC LOCATION AND ACCESS | |
| Uniform Resource Identifier | <a href="http://www.openlibrary.org/books/OL5776290M">http://www.openlibrary.org/books/OL5776290M</a> |
| Public note | Additional information and access via Open Library |
| 942 ## - ADDED ENTRY ELEMENTS (KOHA) | |
| Koha item type | ЕКнига |
Немає доступних примірників.